[Event "CZE-ch 2020"]
[Site "Pilsen"]
[Date "2020.08.25"]
[Round "3.36"]
[White "Turner, Radek"]
[Black "Jezek, Jan"]
[Result "0-1"]
[WhiteElo "2024"]
[BlackElo "2162"]
[Annotator "ChessBase"]
[PlyCount "116"]
[EventDate "2020.08.23"]
[EventType "swiss"]
[EventCountry "CZE"]
[SourceTitle "playchess.com"]
[Source "ChessBase"]
[SourceQuality "1"]
[TimeControl "40/5400+30:1800+30"]

1. c4 {[%emt 0:00:58]} d6 {[%emt 0:00:00]} 2. g3 {[%emt 0:00:18]} c6 {[%emt 0:00:30]} 3. Bg2 {[%emt 0:00:10]} Nf6 {[%emt 0:01:15]} 4. Nc3 {[%emt 0:00:09]} e5 {[%emt 0:01:19]} 5. e3 {[%emt 0:01:10]} Be6 {[%emt 0:00:51]} 6. b3 {[%emt 0:01:50]} Na6 {[%emt 0:02:54]} 7. Nge2 {[%emt 0:02:45]} Be7 {[%emt 0:01:02]} 8. d4 {[%emt 0:00:40]} Qc8 {[%emt 0:06:39]} 9. h3 {[%emt 0:02:31]} h5 {[%emt 0:05:53]} 10. e4 {[%emt 0:03:10]} Nc7 {[%emt 0:09:19]} 11. Ba3 {[%emt 0:05:36]} c5 {[%emt 0:03:11]} 12. dxe5 {[%emt 0:00:40]} dxe5 {[%emt 0:00:05]} 13. Nd5 {[%emt 0:00:29]} Bxd5 {[%emt 0:04:09]} 14. cxd5 {[%emt 0:00:22]} Nb5 {[%emt 0:05:46]} 15. Bb2 {[%emt 0:00:25]} Bd6 {[%emt 0:01:53]} 16. Rc1 {[%emt 0:00:58]} Qd8 {[%emt 0:00:54]} 17. O-O {[%emt 0:03:51]} h4 {[%emt 0:03:07]} 18. f4 {[%emt 0:03:12]} Nd7 {[%emt 0:05:57]} 19. a4 {[%emt 0:06:23]} Nd4 {[%emt 0:00:36]} 20. Nxd4 {[%emt 0:04:19]} cxd4 {[%emt 0:00:15]} 21. fxe5 {[%emt 0:01:45]} Nxe5 {[%emt 0:03:45]} 22. Bxd4 {[%emt 0:02:30]} hxg3 {[%emt 0:00:38]} 23. Rf5 {[%emt 0:00:53]} f6 {[%emt 0:07:32]} 24. Rh5 {[%emt 0:05:53]} Ke7 {[%emt 0:02:17]} 25. Bxe5 {[%emt 0:13:56]} Bxe5 {[%emt 0:00:48]} 26. Rxe5+ {[%emt 0:08:25]} fxe5 {[%emt 0:00:07]} 27. Qg4 {[%emt 0:00:16]} Qb6+ {[%emt 0:07:49]} 28. Kh1 {[%emt 0:00:15]} Rhg8 {[%emt 0:01:28]} 29. Qg5+ {[%emt 0:01:42]} Qf6 {[%emt 0:00:58]} 30. Qxg3 {[%emt 0:02:32]} Qf4 {[%emt 0:04:32]} 31. Qc3 {[%emt 0:04:19]} Rgc8 {[%emt 0:05:48]} 32. Qb4+ {[%emt 0:01:13]} Ke8 {[%emt 0:00:29]} 33. Qb5+ {[%emt 0:07:58]} Kf8 {[%emt 0:03:35]} 34. Rc4 {[%emt 0:08:43]} Rxc4 {[%emt 0:01:43]} 35. Qxc4 {[%emt 0:00:41]} Qf7 {[%emt 0:04:44]} 36. Qc5+ {[%emt 0:00:44]} Kg8 {[%emt 0:01:03]} 37. d6 {[%emt 0:01:40]} Qf6 {[%emt 0:03:44]} 38. Qd5+ {[%emt 0:00:42]} Kh7 {[%emt 0:00:12]} 39. Qxb7 {[%emt 0:01:55]} Rd8 {[%emt 0:00:16]} 40. d7 {[%emt 0:02:08]} Qd6 {[%emt 0:00:16]} 41. Qxa7 {[%emt 0:30:49]} Rxd7 {[%emt 0:30:12]} 42. Qf2 {[%emt 0:00:21]} Rb7 {[%emt 0:02:48]} 43. Qf5+ {[%emt 0:00:00]} g6 {[%emt 0:00:00]} 44. Qf3 {[%emt 0:00:00]} Kg7 {[%emt 0:00:00]} 45. Bf1 {[%emt 0:00:00]} Rf7 {[%emt 0:00:00]} 46. Qd3 {[%emt 0:00:00]} Qf6 {[%emt 0:00:00]} 47. Bg2 {[%emt 0:00:00]} Rc7 {[%emt 0:00:00]} 48. Bf1 {[%emt 0:00:00]} Qf2 {[%emt 0:00:00]} 49. Qe2 {[%emt 0:00:00]} Qf4 {[%emt 0:00:00]} 50. a5 {[%emt 0:00:00]} Rd7 {[%emt 0:00:00]} 51. Bg2 {[%emt 0:00:00]} Rd2 {[%emt 0:00:00]} 52. Qf1 {[%emt 0:00:00]} Rf2 {[%emt 0:00:00]} 53. Qd3 {[%emt 0:00:00]} Ra2 {[%emt 0:00:00]} 54. Kg1 {[%emt 0:00:00]} Rxa5 {[%emt 0:00:00]} 55. Bf1 {[%emt 0:00:00]} Ra2 {[%emt 0:00:00]} 56. Be2 {[%emt 0:00:00]} Rd2 {[%emt 0:00:00]} 57. Qf3 {[%emt 0:00:00]} Qxf3 {[%emt 0:00:00]} 58. Bxf3 {[%emt 0:00:00]} Rd3 {[%emt 0:00:00]} 0-1

[Event "CZE-ch 2020"]
[Site "Pilsen"]
[Date "2020.08.25"]
[Round "3.37"]
[White "Babula ml., Vlastimil"]
[Black "Hlozek, David"]
[Result "0-1"]
[WhiteElo "2138"]
[BlackElo "2037"]
[Annotator "ChessBase"]
[PlyCount "86"]
[EventDate "2020.08.23"]
[EventType "swiss"]
[EventCountry "CZE"]
[SourceTitle "playchess.com"]
[Source "ChessBase"]
[SourceQuality "1"]
[TimeControl "40/5400+30:1800+30"]

1. e4 {[%emt 0:00:00]} c5 {[%emt 0:00:00]} 2. Nf3 {[%emt 0:00:01]} d6 {[%emt 0:00:00]} 3. d4 {[%emt 0:00:45]} cxd4 {[%emt 0:00:00]} 4. Nxd4 {[%emt 0:00:21]} Nf6 {[%emt 0:00:00]} 5. Nc3 {[%emt 0:00:14]} a6 {[%emt 0:00:03]} 6. Be3 {[%emt 0:00:27]} e6 {[%emt 0:01:17]} 7. f3 {[%emt 0:00:47]} Qc7 {[%emt 0:04:11]} 8. Qd2 {[%emt 0:01:03]} Nbd7 {[%emt 0:01:10]} 9. g4 {[%emt 0:04:43]} Ne5 {[%emt 0:03:23]} 10. O-O-O {[%emt 0:03:19]} b5 {[%emt 0:02:05]} 11. a3 {[%emt 0:16:40]} Nfd7 {[%emt 0:01:44]} 12. Kb1 {[%emt 0:38:08]} Bb7 {[%emt 0:09:48]} 13. Qf2 {[%emt 0:00:59]} Rc8 {[%emt 0:03:03]} 14. h4 {[%emt 0:01:16]} Nc4 {[%emt 0:09:28]} 15. Bxc4 {[%emt 0:00:52]} Qxc4 {[%emt 0:00:33]} 16. g5 {[%emt 0:01:22]} b4 {[%emt 0:01:19]} 17. axb4 {[%emt 0:00:22]} Qxb4 {[%emt 0:00:06]} 18. Na2 {[%emt 0:01:49]} Qa4 {[%emt 0:04:54]} 19. h5 {[%emt 0:02:16]} Ne5 {[%emt 0:07:11]} 20. b3 {[%emt 0:04:45]} Qd7 {[%emt 0:25:22]} 21. Qg2 {[%emt 0:03:01]} a5 {[%emt 0:03:36]} 22. f4 {[%emt 0:00:29]} Nc6 {[%emt 0:00:37]} 23. Nc3 {[%emt 0:05:36]} Nb4 {[%emt 0:05:09]} 24. Kb2 {[%emt 0:00:22]} d5 {[%emt 0:03:22]} 25. e5 {[%emt 0:01:29]} Nc6 {[%emt 0:04:13]} 26. g6 {[%emt 0:01:19]} hxg6 {[%emt 0:00:34]} 27. hxg6 {[%emt 0:00:07]} Rxh1 {[%emt 0:00:06]} 28. gxf7+ {[%emt 0:00:31]} Qxf7 {[%emt 0:00:13]} 29. Rxh1 {[%emt 0:01:30]} Nxd4 {[%emt 0:00:12]} 30. Bxd4 {[%emt 0:00:07]} Kd7 {[%emt 0:04:10]} 31. Qf1 {[%emt 0:03:16]} Bc6 {[%emt 0:01:45]} 32. Qd3 {[%emt 0:02:57]} Rb8 {[%emt 0:02:19]} 33. Ra1 {[%emt 0:01:54]} Bb4 {[%emt 0:01:01]} 34. Qe3 {[%emt 0:00:58]} Qe7 {[%emt 0:01:01]} 35. Na4 {[%emt 0:00:31]} Bxa4 {[%emt 0:01:00]} 36. Rxa4 {[%emt 0:00:03]} Rb5 {[%emt 0:01:08]} 37. Qg1 {[%emt 0:01:24]} Qf7 {[%emt 0:01:45]} 38. Qg4 {[%emt 0:01:33]} g6 {[%emt 0:00:25]} 39. Ra1 {[%emt 0:00:16]} Qf5 {[%emt 0:00:28]} 40. Qe2 {[%emt 0:01:24]} Kc6 {[%emt 0:00:21]} 41. Qe3 {[%emt 0:30:24]} Rb8 {[%emt 0:06:20]} 42. c3 {[%emt 0:00:00]} Be7 {[%emt 0:06:18]} 43. Rxa5 {[%emt 0:00:00]} Rxb3+ {[%emt 0:01:12]} 0-1

[Event "CZE-ch 2020"]
[Site "Pilsen"]
[Date "2020.08.25"]
[Round "3.38"]
[White "Joukl, Zdenek"]
[Black "Benes, Miroslav"]
[Result "1/2-1/2"]
[WhiteElo "2062"]
[BlackElo "2011"]
[Annotator "TA"]
[PlyCount "137"]
[EventDate "2020.08.23"]
[EventType "swiss"]
[EventCountry "CZE"]
[SourceTitle "playchess.com"]
[Source "ChessBase"]
[SourceQuality "1"]

{[%evp 9,137,7,13,0,0,0,0,0,9,8,2,0,-9,-110,-99,-102,-94,-121,-114,-129,-123,-128,-102,-97,-7,-186,-184,-184,-145,-172,-162,-185,-169,-177,-169,-185,-185,-185,-175,-222,-206,-209,-208,-222,-183,-197,-188,-226,-226,-229,-233,-253,-207,-231,-231,-231,-231,-231,-200,-220,-208,-219,-205,-209,-205,-205,-205,-205,-206,-273,-257,-264,-257,-385,-257,-256,-222,-229,-91,-91,-91,-91,-91,-91,0,-1,0,0,0,0,0,0,0,0,0,0,0,-8,-8,-8,0,0,0,0,0,0,0,0,0,0,0,0,0,0,0,0,8,8,8,8,8,8,8,8,8,8,8,8,8,8]} 1. d4 d5 2. Nf3 c5 3. e3 Nc6 4. b3 Bf5 5. Bb2 e6 6. Bd3 {D02: 1 d4 d5 2 Nf3 sidelines, including 2...Nf6 3 g3 and 2...Nf6 3 Bf4.} Bxd3 7. Qxd3 Nf6 8. O-O a6 {[#]} 9. Ne5 $146 ({Predecessor:} 9. a3 cxd4 10. exd4 Ne4 11. c4 Bd6 12. Nc3 f5 13. cxd5 exd5 14. b4 O-O 15. Na4 {1-0 (39) Zilbershtein,V (1772)-Mizrahi,I (2100) Netanya 2019}) 9... Rc8 10. Rc1 Bd6 11. a3 (11. Nxc6 $11 {keeps the balance.} Rxc6 12. dxc5 Rxc5 13. Nd2) 11... Bxe5 $1 $17 12. dxe5 Ng4 $36 {[%mdl 2048] [#] Threatens to win with ...Qh4. White is under strong pressure.} 13. e4 Qh4 (13... Ncxe5 14. Qg3 $14) 14. Qg3 Qxg3 15. hxg3 dxe4 16. Nc3 e3 ({Worse is} 16... Ncxe5 17. Nxe4 O-O 18. f3 $16) ({Black should play} 16... Nd4 $17 17. Nxe4 Ne2+ {[%mdl 64] Double Attack} 18. Kf1 Nxc1 19. Nd6+ Kd7 20. Nxc8 Nxb3 21. Nb6+ Kc7 22. cxb3 Kxb6) 17. fxe3 $2 (17. f3 $1 $11 {and White has nothing to worry.}) 17... Ncxe5 $19 18. Ne4 O-O 19. Nf2 Rfd8 20. Bc3 Nxf2 21. Kxf2 Ng4+ 22. Kf3 h5 23. Rh1 g6 24. Ba5 Rd6 25. Rhd1 Rcc6 26. Bc3 f6 27. Ke2 Kf7 28. Rf1 e5 29. Rad1 Ke6 30. Rd3 e4 31. Rd2 Rxd2+ 32. Kxd2 {[%mdl 4096] Endgame KRB-KRN} Rd6+ 33. Ke2 f5 34. Rb1 Nf6 35. Be1 Nd7 36. Rd1 b5 37. Bc3 Rxd1 38. Kxd1 {KB-KN} Nb6 39. Bg7 a5 40. Kd2 a4 41. Bh6 (41. Bc3 {was necessary.}) 41... Kd5 42. Kc3 axb3 43. cxb3 c4 (43... Kc6 $19 44. Kc2 Nd5) 44. bxc4+ $17 Nxc4 45. Kb4 Kc6 46. a4 Kb6 (46... Nd6 $17 47. axb5+ Nxb5) 47. Bf8 {The position is equal.} Nb2 {Hoping for ...Nd3+.} 48. Bc5+ Kb7 49. Kxb5 Nd1 50. Bd4 Nf2 51. Kc5 Nd3+ 52. Kd5 Ne1 53. Bf6 Nxg2 54. Kd4 Ne1 {White must now prevent ...Nc2+.} 55. Ke5 Nf3+ 56. Kf4 Ka6 {aiming for ...Ka5.} 57. Bd8 Kb7 58. a5 Ka6 59. Bc7 h4 60. gxh4 Nxh4 61. Kg5 Ng2 62. Bb6 {[#]} Nxe3 $1 {[%mdl 512]} 63. Bxe3 Kxa5 64. Kxg6 f4 65. Bxf4 $11 {KB-KP} e3 66. Kf5 e2 67. Bd2+ Kb5 68. Ke4 e1=B 69. Bxe1 {Black had all chances to win. Accuracy: White = 78%, Black = 77%.} 1/2-1/2

[Event "CZE-ch 2020"]
[Site "Pilsen"]
[Date "2020.08.26"]
[Round "4.1"]
[White "Hracek, Zbynek"]
[Black "Navara, David"]
[Result "1/2-1/2"]
[WhiteElo "2563"]
[BlackElo "2719"]
[Annotator "TA"]
[PlyCount "148"]
[EventDate "2020.08.23"]
[EventType "swiss"]
[EventCountry "CZE"]
[SourceTitle "playchess.com"]
[Source "ChessBase"]
[SourceQuality "1"]

{[%evp 10,148,33,0,0,0,0,0,0,0,0,0,0,0,0,0,0,0,0,0,0,0,0,0,0,0,0,0,18,12,0,-41,0,-7,0,0,0,0,0,-14,0,0,0,0,0,0,0,0,0,-8,-8,-8,-8,-8,0,-8,0,-8,-8,-8,-8,-8,-8,-8,-8,-8,-8,-8,0,0,0,0,0,-8,-8,-8,-8,-9,-9,-9,-8,-8,-8,-9,-9,-9,-9,-9,-9,-9,-9,-9,-9,-9,-9,-9,-9,-9,-9,-9,-9,-9,-9,-9,-9,-9,-9,-9,-9,-9,-9,-9,-9,-9,0,-9,-9,-9,-9,-9,-9,-9,-9,-9,-9,-9,-9,-9,-9,-9,0,-9,-9,-9,-8,-9,-9,-9,-9,-9,0]} 1. c4 e5 2. g3 c6 3. Nf3 e4 4. Nd4 d5 5. cxd5 Qxd5 6. e3 Bc5 {A20: English Opening: 1...e5.} 7. Nc3 Qe5 8. d3 exd3 9. Qxd3 Nf6 10. Bg2 O-O 11. O-O Rd8 {[#]} 12. Nf3 $146 ({Predecessor:} 12. Nce2 Bb6 13. Qc2 Na6 14. Bd2 Qc5 15. Qb3 Qe7 16. Rfd1 Bg4 17. h3 Bh5 18. Nf5 {½-½ (51) Svidler,P (2723)-Giri,A (2764) chess24.com INT 2020}) 12... Rxd3 13. Nxe5 Rd8 14. b3 Bf5 15. Bb2 Nbd7 16. Na4 Be7 17. Rfd1 Nb6 18. Rxd8+ Rxd8 19. Nxb6 axb6 20. a3 Rd2 21. Nc4 {The position is equal.} Rc2 {And now ...b5 would win.} 22. Rc1 Rxc1+ 23. Bxc1 Be6 24. Nd2 Nd7 25. b4 c5 26. Bxb7 cxb4 27. axb4 Bxb4 28. Ba6 Nc5 29. Bb5 (29. Be2 {is more complex.} f6 30. Nf3 Nb3 31. Bb2 Bd5 32. Nd4) 29... Bd7 30. Bxd7 Nxd7 $11 {[%mdl 4096] Endgame KBN-KBN} 31. Kf1 Nc5 32. Ke2 b5 33. Bb2 Bxd2 34. Kxd2 {KB-KN} f5 35. Bd4 Ne4+ 36. Ke2 Kf7 37. f3 Ng5 38. h4 Ne6 39. Bc3 h5 40. e4 f4 41. Be5 fxg3 42. Bxg3 b4 {[%cal Bb5b4,Bb4b3][%mdl 32]} 43. Ke3 b3 44. Be5 g5 45. hxg5 h4 46. f4 {Threatens to win with g6+!} h3 47. g6+ Kg8 (47... Kxg6 $5 48. f5+ $8 Kf7 $11) 48. Kf3 ({Don't blunder} 48. f5 $2 {[#]} h2 $1 $19 {[%mdl 512]}) 48... Nxf4 (48... h2 $5 49. Kg2 $8 Nxf4+ 50. Kxh2 Nd3 $11) 49. Kg3 Nxg6 50. Ba1 {[#]} Nf4 $1 {[%mdl 512] White should prevent ...Kf7.} 51. Kh2 (51. Kxf4 h2) 51... Kf7 52. Kg3 Ke6 {Hoping for ...Kd7.} 53. Kh2 Kd6 54. Kg3 Kc5 55. Kh2 Kb4 {With the idea ...Kc4.} 56. Bb2 Kc4 {Threatening ...Kc5.} 57. Ba1 Kd3 58. e5 Kc2 {Strongly threatening ...Kc1.} 59. Bd4 Kd2 60. Ba1 Ke3 (60... Kd3 $5) 61. Kg3 Kd3 {next ...Kc2 is good for Black.} 62. Kh2 Ke4 {[#]} 63. e6 $1 {[%mdl 512]} Nxe6 (63... Nd5 {looks sharper.} 64. e7 Nxe7 65. Kxh3 Kf3 66. Kh4 Kf4) 64. Kxh3 Kd3 65. Kg4 Kc2 66. Kf3 Nc5 67. Ke3 Na4 68. Ke4 Kb1 69. Bg7 Kc2 {aiming for ...Nc3+.} 70. Ba1 $1 Nb6 71. Bg7 Kd2 72. Bh6+ Kd1 {White must now prevent ...b2.} 73. Bg7 Kc2 74. Bf6 Na4 {A rather calm draw. Accuracy: White = 98%, Black = 98%.} 1/2-1/2

[Event "CZE-ch 2020"]
[Site "Pilsen"]
[Date "2020.08.26"]
[Round "4.2"]
[White "Laznicka, Viktor"]
[Black "Finek, Vaclav"]
[Result "1-0"]
[WhiteElo "2638"]
[BlackElo "2344"]
[Annotator "ChessBase"]
[PlyCount "105"]
[EventDate "2020.08.23"]
[EventType "swiss"]
[EventCountry "CZE"]
[SourceTitle "playchess.com"]
[Source "ChessBase"]
[SourceQuality "1"]
[TimeControl "40/5400+30:1800+30"]

1. c4 {[%emt 0:13:17]} c6 {[%emt 0:00:00]} 2. Nf3 {[%emt 0:01:26]} Nf6 {[%emt 0:00:00]} 3. b3 {[%emt 0:00:25]} g6 {[%emt 0:03:55]} 4. Bb2 {[%emt 0:01:27]} Bg7 {[%emt 0:00:18]} 5. g3 {[%emt 0:01:02]} O-O {[%emt 0:02:34]} 6. Bg2 {[%emt 0:00:08]} d5 {[%emt 0:00:52]} 7. O-O {[%emt 0:01:39]} Bg4 {[%emt 0:02:14]} 8. d3 {[%emt 0:02:05]} Nbd7 {[%emt 0:01:35]} 9. Nbd2 {[%emt 0:02:02]} a5 {[%emt 0:02:36]} 10. a3 {[%emt 0:00:40]} Qb6 {[%emt 0:01:54]} 11. Rb1 {[%emt 0:00:25]} Rac8 {[%emt 0:01:35]} 12. h3 {[%emt 0:01:50]} Bxf3 {[%emt 0:00:20]} 13. Nxf3 {[%emt 0:00:06]} Rfd8 {[%emt 0:00:39]} 14. Qc2 {[%emt 0:02:12]} Qc7 {[%emt 0:04:27]} 15. Rfc1 {[%emt 0:01:55]} Qd6 {[%emt 0:05:11]} 16. Qd2 {[%emt 0:10:06]} b6 {[%emt 0:08:09]} 17. d4 {[%emt 0:11:11]} Ne4 {[%emt 0:03:53]} 18. Qf4 {[%emt 0:01:08]} Qf6 {[%emt 0:07:19]} 19. Qxf6 {[%emt 0:03:36]} Bxf6 {[%emt 0:04:36]} 20. a4 {[%emt 0:04:26]} e6 {[%emt 0:03:33]} 21. Rc2 {[%emt 0:04:14]} dxc4 {[%emt 0:08:01]} 22. bxc4 {[%emt 0:01:54]} Nd6 {[%emt 0:07:18]} 23. Ne5 {[%emt 0:14:16]} Bxe5 {[%emt 0:10:58]} 24. dxe5 {[%emt 0:00:38]} Nb7 {[%emt 0:00:06]} 25. Ba3 {[%emt 0:03:40]} Nxe5 {[%emt 0:04:31]} 26. Rxb6 {[%emt 0:06:55]} Rd1+ {[%emt 0:00:10]} 27. Kh2 {[%emt 0:00:07]} Nd6 {[%emt 0:00:07]} 28. Bxd6 {[%emt 0:01:05]} Rxd6 {[%emt 0:00:25]} 29. f4 {[%emt 0:00:22]} Nd7 {[%emt 0:00:24]} 30. Ra6 {[%emt 0:01:08]} Rd4 {[%emt 0:07:36]} 31. Rxa5 {[%emt 0:01:10]} Nb6 {[%emt 0:01:29]} 32. Ra6 {[%emt 0:00:23]} Nxc4 {[%emt 0:01:36]} 33. Rxc6 {[%emt 0:00:09]} Rxc6 {[%emt 0:00:03]} 34. Bxc6 {[%emt 0:00:08]} Na5 {[%emt 0:01:30]} 35. Bb5 {[%emt 0:00:15]} Rd8 {[%emt 0:00:04]} 36. Rc7 {[%emt 0:00:57]} Ra8 {[%emt 0:00:08]} 37. Kg2 {[%emt 0:00:31]} Nb3 {[%emt 0:01:37]} 38. e3 {[%emt 0:02:08]} Rd8 {[%emt 0:03:08]} 39. g4 {[%emt 0:00:30]} Kf8 {[%emt 0:01:02]} 40. g5 {[%emt 0:00:23]} Rd1 {[%emt 0:03:35]} 41. Kf2 {[%emt 0:33:34]} Rd8 {[%emt 0:07:04]} 42. Rc3 {[%emt 0:00:00]} Na5 {[%emt 0:01:36]} 43. Kf3 {[%emt 0:00:00]} Kg7 {[%emt 0:01:37]} 44. Rd3 {[%emt 0:00:00]} Ra8 {[%emt 0:01:39]} 45. Ke4 {[%emt 0:00:00]} Nb7 {[%emt 0:04:42]} 46. Kd4 {[%emt 0:00:00]} Nd6 {[%emt 0:00:26]} 47. Kc5 {[%emt 0:00:00]} Ne4+ {[%emt 0:01:53]} 48. Kb6 {[%emt 0:00:00]} h6 {[%emt 0:02:37]} 49. Bc6 {[%emt 0:00:00]} Rb8+ {[%emt 0:00:07]} 50. Kc7 {[%emt 0:00:00]} Nc5 {[%emt 0:01:51]} 51. Kxb8 {[%emt 0:00:00]} Nxd3 {[%emt 0:00:06]} 52. a5 {[%emt 0:00:00]} f6 {[%emt 0:01:56]} 53. h4 {[%emt 0:00:00]} 1-0

[Event "CZE-ch 2020"]
[Site "Pilsen"]
[Date "2020.08.26"]
[Round "4.3"]
[White "Mica, Marek"]
[Black "Stocek, Jiri"]
[Result "1-0"]
[WhiteElo "2315"]
[BlackElo "2595"]
[Annotator "TA"]
[PlyCount "70"]
[EventDate "2020.08.23"]
[EventType "swiss"]
[EventCountry "CZE"]
[SourceTitle "playchess.com"]
[Source "ChessBase"]
[SourceQuality "1"]

{[%evp 9,70,2,22,0,7,0,4,-15,12,-12,0,-22,13,0,-23,-29,-19,-17,-19,-23,0,0,0,-12,-20,-31,-35,-43,-33,-48,-55,-93,-79,-80,-79,-81,-59,-48,-65,-72,-77,-100,-37,-24,-41,-49,-56,-46,-28,-26,-28,-1514,-1500,-1482,-1440,-1427,-1345,-2129,-2024,-29996,-29997,-29997,-29998]} 1. c4 e5 2. Nc3 Bb4 3. e4 c6 4. g3 {[#]} d6 $146 ({Predecessor:} 4... Nf6 5. Bg2 d6 6. Nge2 Be6 7. d3 d5 8. exd5 cxd5 9. Bg5 Nc6 10. Qb3 Qa5 11. Bxf6 dxc4 12. dxc4 gxf6 {1-0 (21) Miezis,N (2505)-Forchert,M (2350) Germany 1995}) 5. Bg2 f5 6. Nge2 {B10: Caro-Kann: 2 d3 and 2 c4.} Nf6 7. O-O O-O 8. d3 {The position is equal.} a5 9. h3 Na6 10. Be3 Bc5 11. d4 exd4 12. Nxd4 fxe4 13. Nxe4 Nxe4 14. Bxe4 Qe8 15. Bg2 Bd7 16. Nc2 Qg6 17. Qd2 Bf5 18. Bxc5 Nxc5 19. Ne3 Bd3 20. Rfd1 Rf7 {Hoping for ...Raf8.} 21. Kh2 h5 22. h4 Raf8 23. f4 Re7 24. Re1 Rfe8 25. Rad1 Ne4 (25... Be4 $17) 26. Bxe4 $1 $15 Bxe4 27. Ng2 ({Wrong is} 27. Qxd6 $2 Qxd6 28. Rxd6 Bh7 $19) 27... Re6 $36 {[%mdl 2048] Black is pushing.} 28. b3 Qf5 29. Re2 Qg4 {Strongly threatening ...Bxg2.} 30. Rde1 $2 {[%mdl 8192] [#] Loses the game.} (30. Ne3 $11 Bf5 31. Nxg4 Rxe2+ 32. Nf2 Rxd2 33. Rxd2) 30... Bxg2 $1 $19 31. Rxe6 {[#]} Qh3+ $1 32. Kg1 Rxe6 33. Kf2 Be4 34. Qxa5 Qg2+ 35. Ke3 Qf3+ {[%mdl 32768] Accuracy: White = 70%, Black = 85%. . Loss on time!?} 1-0

[Event "CZE-ch 2020"]
[Site "Pilsen"]
[Date "2020.08.26"]
[Round "4.4"]
[White "Nguyen, Thai Dai Van"]
[Black "Orsag, Milan"]
[Result "1-0"]
[WhiteElo "2569"]
[BlackElo "2300"]
[Annotator "ChessBase"]
[PlyCount "55"]
[EventDate "2020.08.23"]
[EventType "swiss"]
[EventCountry "CZE"]
[SourceTitle "playchess.com"]
[Source "ChessBase"]
[SourceQuality "1"]
[TimeControl "40/5400+30:1800+30"]

1. d4 {[%emt 0:00:00]} d5 {[%emt 0:00:36]} 2. c4 {[%emt 0:00:00]} e6 {[%emt 0:00:23]} 3. Nc3 {[%emt 0:00:04]} c5 {[%emt 0:00:26]} 4. cxd5 {[%emt 0:00:12]} exd5 {[%emt 0:00:07]} 5. Nf3 {[%emt 0:00:10]} Nc6 {[%emt 0:00:09]} 6. g3 {[%emt 0:00:14]} Nf6 {[%emt 0:00:08]} 7. Bg2 {[%emt 0:00:04]} Be7 {[%emt 0:00:09]} 8. O-O {[%emt 0:00:08]} O-O {[%emt 0:00:06]} 9. Bg5 {[%emt 0:00:49]} cxd4 {[%emt 0:00:26]} 10. Nxd4 {[%emt 0:00:07]} h6 {[%emt 0:00:10]} 11. Be3 {[%emt 0:00:34]} Re8 {[%emt 0:00:43]} 12. Rc1 {[%emt 0:00:43]} Bf8 {[%emt 0:01:43]} 13. a3 {[%emt 0:00:21]} Bg4 {[%emt 0:04:38]} 14. Qb3 {[%emt 0:00:30]} Na5 {[%emt 0:07:36]} 15. Qa2 {[%emt 0:00:06]} Be6 {[%emt 0:10:35]} 16. Rfd1 {[%emt 0:10:15]} Nc4 {[%emt 0:15:53]} 17. Nxe6 {[%emt 0:08:12]} fxe6 {[%emt 0:00:10]} 18. Nxd5 {[%emt 0:00:52]} Nxe3 {[%emt 0:06:45]} 19. Nxe3 {[%emt 0:00:15]} Qb6 {[%emt 0:00:36]} 20. Nc4 {[%emt 0:01:45]} Qb5 {[%emt 0:02:06]} 21. b4 {[%emt 0:00:44]} Rad8 {[%emt 0:01:57]} 22. Rxd8 {[%emt 0:05:47]} Rxd8 {[%emt 0:00:37]} 23. Na5 {[%emt 0:00:32]} b6 {[%emt 0:13:32]} 24. Qxe6+ {[%emt 0:05:49]} Kh7 {[%emt 0:00:23]} 25. Qc4 {[%emt 0:05:17]} Qa4 {[%emt 0:06:42]} 26. Qb3 {[%emt 0:02:09]} Qb5 {[%emt 0:00:27]} 27. Qc2+ {[%emt 0:00:32]} Kh8 {[%emt 0:00:34]} 28. Nc6 {[%emt 0:00:46]} 1-0

[Event "CZE-ch 2020"]
[Site "Pilsen"]
[Date "2020.08.26"]
[Round "4.5"]
[White "Rabatin, Jakub"]
[Black "Polak, Tomas"]
[Result "0-1"]
[WhiteElo "2291"]
[BlackElo "2563"]
[Annotator "ChessBase"]
[PlyCount "72"]
[EventDate "2020.08.23"]
[EventType "swiss"]
[EventCountry "CZE"]
[SourceTitle "playchess.com"]
[Source "ChessBase"]
[SourceQuality "1"]
[TimeControl "40/5400+30:1800+30"]

1. Nf3 {[%emt 0:00:00]} Nf6 {[%emt 0:00:27]} 2. d4 {[%emt 0:00:00]} b6 {[%emt 0:01:24]} 3. c4 {[%emt 0:00:11]} Bb7 {[%emt 0:00:16]} 4. Nc3 {[%emt 0:02:05]} e6 {[%emt 0:00:40]} 5. a3 {[%emt 0:02:15]} g6 {[%emt 0:02:07]} 6. d5 {[%emt 0:20:23]} Bg7 {[%emt 0:01:16]} 7. e4 {[%emt 0:00:10]} O-O {[%emt 0:02:24]} 8. Bd3 {[%emt 0:03:45]} d6 {[%emt 0:00:33]} 9. dxe6 {[%emt 0:01:50]} fxe6 {[%emt 0:00:30]} 10. O-O {[%emt 0:00:12]} Nbd7 {[%emt 0:01:59]} 11. Bc2 {[%emt 0:19:01]} Nc5 {[%emt 0:08:47]} 12. Ng5 {[%emt 0:04:47]} Nfd7 {[%emt 0:16:46]} 13. Qg4 {[%emt 0:14:14]} Qf6 {[%emt 0:06:14]} 14. Nb5 {[%emt 0:01:15]} Ne5 {[%emt 0:04:31]} 15. Qe2 {[%emt 0:01:39]} h6 {[%emt 0:04:31]} 16. Nh3 {[%emt 0:04:25]} a6 {[%emt 0:04:39]} 17. Nc3 {[%emt 0:00:13]} Qh4 {[%emt 0:12:15]} 18. f4 {[%emt 0:04:46]} Nc6 {[%emt 0:01:52]} 19. Be3 {[%emt 0:05:09]} Nd4 {[%emt 0:02:28]} 20. Qd1 {[%emt 0:00:40]} Nxc2 {[%emt 0:08:24]} 21. Qxc2 {[%emt 0:00:05]} Rae8 {[%emt 0:00:52]} 22. Rad1 {[%emt 0:04:40]} Bxc3 {[%emt 0:03:33]} 23. Bxc5 {[%emt 0:00:04]} Bg7 {[%emt 0:00:11]} 24. Bf2 {[%emt 0:05:07]} Qh5 {[%emt 0:07:06]} 25. c5 {[%emt 0:00:17]} bxc5 {[%emt 0:01:39]} 26. e5 {[%emt 0:03:49]} Bd5 {[%emt 0:00:45]} 27. Bg3 {[%emt 0:00:33]} Qf5 {[%emt 0:00:38]} 28. Qe2 {[%emt 0:01:13]} Rb8 {[%emt 0:01:30]} 29. Nf2 {[%emt 0:00:32]} a5 {[%emt 0:01:08]} 30. Rd2 {[%emt 0:00:38]} Rb3 {[%emt 0:03:15]} 31. Re1 {[%emt 0:00:41]} h5 {[%emt 0:00:52]} 32. Rxd5 {[%emt 0:00:43]} exd5 {[%emt 0:00:11]} 33. Qd1 {[%emt 0:00:20]} Rxb2 {[%emt 0:00:45]} 34. Qxd5+ {[%emt 0:00:06]} Kh8 {[%emt 0:00:14]} 35. Ne4 {[%emt 0:00:53]} dxe5 {[%emt 0:00:43]} 36. fxe5 {[%emt 0:00:42]} Re2 {[%emt 0:00:28]} 0-1